Third in Line: Book Series Quiz Stats

Quiz Updated Feb 18, 2016

Also try: The Subtitle: Quiz
Challenge
Share
Tweet
Embed
Score 0/30 Timer 06:00
7 Plays Today
3rd Book Series % Correct
[Series Title] and the Prisoner of AzkabanHarry Potter
99.3%
MockingjayHunger Games
96.5%
The Return of the KingThe Lord of the Rings
93.2%
Fifty Shades FreedFifty Shades
93%
EclipseTwilight
91%
The Voyage of the Dawn TreaderThe Chronicles of Narnia
76.6%
The Girl Who Kicked the Hornet's NestMillennium
76%
A Storm of SwordsA Song of Ice and Fire
68.7%
AllegiantDivergent
68.5%
Children of DuneDune
65.4%
Life, the Universe and EverythingThe Hitchhiker's Guide to the Galaxy
53.2%
The Amber SpyglassHis Dark Materials
51.2%
Anne of the IslandAnne of Green Gables
48.9%
The Lost SymbolRobert Langdon
47.7%
The Titan's CursePercy Jackson & the Olympians
45.9%
3rd Book Series % Correct
BrisingrThe Inheritance Cycle
32.7%
City of GlassThe Mortal Instruments
27%
The Queen of the DamnedThe Vampire Chronicles
26.4%
The Wide WindowA Series of Unfortunate Events
24%
Second FoundationFoundation
23.7%
The Death CureThe Maze Runner
22%
XenocideEnder's Game
18.5%
The Secret of the Old MillThe Hardy Boys Mystery Stories
18.3%
A Swiftly Tilting PlanetTime Quintet
17.4%
[Series Title]: The Eternity CodeArtemis Fowl
15.5%
The Cardinal of the KremlinJack Ryan
14.1%
MattimeoRedwall
12%
The Waste LandsThe Dark Tower
11.9%
Beautiful ChaosCaster Chronicles
9.3%
Castle RoognaXanth
4.1%

You're not logged in!

Compare scores with friends on all Sporcle quizzes.
Sign Up with Email
OR
Log In

You Might Also Like...

Show Comments

Extras

Top Quizzes Today


Score Distribution

Your Account Isn't Verified!

In order to create a playlist on Sporcle, you need to verify the email address you used during registration. Go to your Sporcle Settings to finish the process.